El Antiguo Régimen y la revolución.
Tallennettuna:
| Päätekijä: | |
|---|---|
| Muut tekijät: | |
| Aineistotyyppi: | Kirja |
| Kieli: | espanja |
| Julkaistu: |
Madrid, España:
Alianza,
1982.
|
| Sarja: | El Libro de Bolsillo. Sección Humanidades.
|
| Aiheet: | |
| Tagit: |
Lisää tagi
Ei tageja, Lisää ensimmäinen tagi!
|
MARC
| LEADER | 00000nam a2200000 a 4500 | ||
|---|---|---|---|
| 001 | UCW9785 | ||
| 003 | CL-VaPUC | ||
| 005 | 20220822114322.0 | ||
| 008 | 890620e19820000SP |||||||||||||||||spa|d | ||
| 999 | |c 221667 |d 221665 | ||
| 020 | |a 84-206-1881-0 (t.I) | ||
| 020 | |a 84-206-1882-9 (t.II) | ||
| 020 | |a 84-206-1955-8 (O.C) | ||
| 040 | |c Pontificia Universidad Católica de Valparaíso | ||
| 082 | 0 | 4 | |a 944.04 TOC 1982 |2 21 |
| 100 | 0 | |a Tocqueville, Alexis de |e autor |9 315221 | |
| 245 | 1 | 3 | |a El Antiguo Régimen y la revolución. |
| 260 | |a Madrid, España: |b Alianza, |c 1982. | ||
| 300 | |a 2 Tomos. | ||
| 490 | 0 | |a El Libro de Bolsillo. Sección Humanidades. | |
| 500 | |a c.3 Tomo I: Donación Familia Prof. Alejandro Guzmán Brito. c.3 Tomo II: Donación Familia Prof. Alejandro Guzmán Brito. | ||
| 505 | |a Tomo I: Estado social y político de Francia antes y después de 1789. Tomo II: Fragmentos y notas inéditas sobre la Revolución. | ||
| 583 | |a last modification |c 19890620 00:00:00 |k Rodrigo Vera | ||
| 650 | 7 | |a HISTORIA REVOLUCION 1789-1799 |2 CL-VaPUC |9 266279 | |
| 650 | 7 | |a POLITICA Y GOBIERNO SIGLO 18 |2 CL-VaPUC |9 315222 | |
| 651 | 0 | |a Francia |9 255157 | |
| 700 | |a Sánchez de Alu, Dolores |e traductor |9 865442 | ||
| 942 | |c BK |2 ddc |n 0 | ||
| 945 | |d 19890620 00:00:00 | ||
| 952 | |0 0 |1 0 |4 0 |6 944_040000000000000_TOC_1982 |7 0 |8 A |9 215380 |a BIBEDU |b BIBEDU |d 2019-11-15 |h v.1 |i 2837994 |o 944.04 TOC 1982 |p 2837994 |r 2019-11-15 |w 2019-11-15 |y BK |k FIL | ||
| 952 | |0 0 |1 0 |4 0 |6 944_040000000000000_TOC_1982 |7 0 |8 A |9 215381 |a BIBEDU |b BIBEDU |d 2019-11-15 |h v.2 |i 2838001 |o 944.04 TOC 1982 |p 2838001 |r 2019-11-15 |w 2019-11-15 |y BK |k FIL | ||
| 952 | |0 0 |1 0 |4 0 |6 944_040000000000000_TOC_1982 |7 0 |8 A |9 215382 |a BIBHIS |b BIBHIS |d 2019-11-15 |h v.1 |i 283801K |o 944.04 TOC 1982 |p 283801K |r 2025-01-20 |w 2019-11-15 |y BK |k HIS | ||
| 952 | |0 0 |1 0 |4 0 |6 944_040000000000000_TOC_1982 |7 0 |8 A |9 215383 |a BIBHIS |b BIBHIS |d 2019-11-15 |h v.2 |i 2838028 |o 944.04 TOC 1982 |p 2838028 |r 2025-01-20 |w 2019-11-15 |y BK |k HIS | ||
| 952 | |0 0 |1 0 |4 0 |6 944_040000000000000_TOC_1982 |7 0 |8 A |9 215384 |a BIBHIS |b BIBHIS |d 2019-11-15 |h v.1 |i 1382063 |o 944.04 TOC 1982 |p 1382063 |r 2025-01-20 |w 2019-11-15 |y BK |k HIS | ||
| 952 | |0 0 |1 0 |2 ddc |4 0 |6 944_040000000000000_TOC_1982 |7 1 |8 C_AGB |9 579818 |a BIBDER |b BIBDER |d 2021-12-27 |e Donación |h t. I |i 5631394 |o 944.04 TOC 1982 |p 5631394 |r 2023-01-25 |t 3 |w 2021-12-27 |y BK_US |k AGB | ||
| 952 | |0 0 |1 0 |2 ddc |4 0 |6 944_040000000000000_TOC_1982 |7 1 |8 C_AGB |9 579819 |a BIBDER |b BIBDER |d 2021-12-27 |e Donación |h t. II |i 5631408 |o 944.04 TOC 1982 |p 5631408 |r 2023-01-25 |t 3 |w 2021-12-27 |y BK_US |k AGB | ||